| 000 | 01073nam1a22002651i 4500 | ||
|---|---|---|---|
| 001 | rc\3035822 | ||
| 005 | 20240921122957.0 | ||
| 035 | _a(NLR Aleph) 007176450 | ||
| 090 |
_a7398120 _c7398120 |
||
| 100 | _a20111004d1942 |||y0rusy50 ca | ||
| 101 | 0 | _arus | |
| 102 | _aRU | ||
| 105 | _ay z ||||| | ||
| 200 | 1 |
_aТехнические условия на войсковой ремонт машины Т60 _e(2 части) _e1942 г. Ч. 1-2 _fСост.: Г.А. Ефимов, Л.Ю. Лимбергер, Л.Ю. Болотский _gРазработаны Бюро техн. условий 8-го Гос. Проектного ин-та НКТП |
|
| 210 |
_a[Москва] _cБ. и. _d[1942] |
||
| 215 | _d29 см | ||
| 300 | _aПроект | ||
| 702 | 1 |
_4220 _7ca _8rus _aЕфимов _bГ. А. _cинженер-механик _9259809 _3RU\NLR\AUTH\770259865 |
|
| 702 | 1 |
_aЛимбергер _bЛ.Ю. _4220 |
|
| 702 | 1 |
_aБолотский _bЛ.Ю. _4220 |
|
| 801 | 0 |
_aRU _bNLR _gpsbo |
|
| 801 | 1 |
_aRU _bELAR _2rusmarc |
|
| 852 |
_aNLR _bПт _j02 Г-7/10 |
||
| 942 | _cBOOK | ||